The GWR Stars, Castles & Kings /

Saved in:
Bibliographic Details
Main Author: Nock, O. S. (Oswald Stevens), 1905-
Format: Book
Language:English
Published: Newton Abbot, Devon : David & Charles, c1967.
Series:David & Charles locomotive monographs
Subjects:
LEADER 01151nam a2200289 a 4500
001 c000163704
003 CARM
005 20030521092316.0
008 751223s1967 enkace 001 0 eng d
015 |a B7600194 
040 |a VCAV  |b eng  |c VCAV 
082 0 4 |a 625.2/61/0942  |2 18 
100 1 |a Nock, O. S.  |q (Oswald Stevens),  |d 1905- 
245 1 4 |a The GWR Stars, Castles & Kings /  |c O.S. Nock. 
260 |a Newton Abbot, Devon :  |b David & Charles,  |c c1967. 
300 |a 160 p. :  |b ill., plans, ports ;  |c 26cm. 
440 0 |a David & Charles locomotive monographs 
500 |a Railway services. England. Great Western Railway. 4-6-0 steam locomotives, to 1965. Engineering aspects (BNB/PRECIS) 
500 |a In 2 vols. 
500 |a Includes index. 
504 |a Bibliography: p.160. 
505 1 |a Pt.1. 1906-1930 
610 2 0 |a Great Western Railway (Great Britain) 
650 0 |a Locomotives  |z England  |x History. 
852 8 |b CARM  |h A2:AL08D0  |i C05409  |p 0229797  |f BK 
999 f f |i 1220da84-2db1-5066-9fbc-430a95501d6a  |s 4b1fc6f6-512e-5267-a355-0afeec24e4b6 
952 f f |p Can circulate  |a CAVAL  |b CAVAL  |c CAVAL  |d CARM 1 Store  |e C05409  |f A2:AL08D0  |h Other scheme  |i book  |j Pt.1  |m 0229797